| 000 | 01206nam a22002537i 4500 | ||
|---|---|---|---|
| 999 |
_c23021 _d23021 |
||
| 003 | AR-CdUCM | ||
| 008 | 240909b20192019spa||||| |||| 00| 0 spa d | ||
| 020 | _a978-84-9118-172-9 | ||
| 040 |
_aMUNICIPALIDAD PROVINCIAL DEL CUSCO _cBIBLIOTECA MUNICIPAL DEL CUSCO |
||
| 041 | _hspa | ||
| 082 |
_2Primera edición _a616.7 / S42 _bS42 |
||
| 100 |
_aSerra, Jaume _950296 |
||
| 245 | _aFortalece tus huesos y articulaciones / | ||
| 260 |
_aBarcelona : _bRBA Libros, S. A. _c2019 |
||
| 300 |
_a 111 páginas. : _c22 cm. |
||
| 500 | _zBibliografía: páginas 109-111 | ||
| 505 | _aAnatomía de una articulación -- Factores que intervienen en las enfermedades articulares inflamatorias -- Componentes alimentarios relacionados con los factores que intervine en las enfermedades osteoarticulares inflamatorias -- Enfermedades articulares de tipo inflamatorio -- La osteoporosis involutiva -- La actividad física en las enfermedades articulares y óseos -- Menús saludables | ||
| 650 |
_aProcesos inflamatorios _950297 |
||
| 650 |
_aEnfermedades articulares _950298 |
||
| 650 |
_aEnfermedades inflamatorios _950299 |
||
| 650 |
_aEstrés oxidativo _950300 |
||
| 942 |
_2ddc _cLIBROS |
||
| 945 |
_apbj _d2024-09-09 |
||